<?xml version="1.0" encoding="UTF-8"?>
<record
    xmlns:xsi="http://www.w3.org/2001/XMLSchema-instance"
    xsi:schemaLocation="http://www.loc.gov/MARC21/slim http://www.loc.gov/standards/marcxml/schema/MARC21slim.xsd"
    xmlns="http://www.loc.gov/MARC21/slim">

  <leader>01188nam a2200277 i 4500</leader>
  <controlfield tag="005">20250630154943.0</controlfield>
  <controlfield tag="008">250630s2019    ii a   gr     000 0 tam d</controlfield>
  <datafield tag="020" ind1=" " ind2=" ">
    <subfield code="c">RM39.20</subfield>
    <subfield code="q">paperback </subfield>
  </datafield>
  <datafield tag="040" ind1=" " ind2=" ">
    <subfield code="a">PPAK </subfield>
    <subfield code="b">eng</subfield>
    <subfield code="c">PPAK</subfield>
    <subfield code="e">rda</subfield>
  </datafield>
  <datafield tag="082" ind1="0" ind2="4">
    <subfield code="2">23</subfield>
    <subfield code="a">745.572</subfield>
  </datafield>
  <datafield tag="090" ind1="0" ind2="0">
    <subfield code="a">745.572</subfield>
    <subfield code="b">RAV</subfield>
    <subfield code="d">G</subfield>
  </datafield>
  <datafield tag="100" ind1="1" ind2=" ">
    <subfield code="6">880-01 </subfield>
    <subfield code="a">Ravi, &#x100;tm&#x101; k&#x113;.,</subfield>
    <subfield code="e">author. </subfield>
  </datafield>
  <datafield tag="245" ind1="1" ind2="0">
    <subfield code="6">880-02</subfield>
    <subfield code="a">Pi&#x1E37;&#x101;s&#x1E6D;ik p&#x101;&#x1E6D;&#x1E6D;ilka&#x1E37;ai 130 va&#x1E3B;ika&#x1E37;il paya&#x1E49;pa&#x1E6D;uttal&#x101;m =</subfield>
    <subfield code="b">Plastic bottles can be used in 130 ways /</subfield>
    <subfield code="c">Atma K. Ravi</subfield>
  </datafield>
  <datafield tag="264" ind1=" " ind2="1">
    <subfield code="a">Chennai : </subfield>
    <subfield code="b">Chennai Publications, </subfield>
    <subfield code="c">2019</subfield>
  </datafield>
  <datafield tag="300" ind1=" " ind2=" ">
    <subfield code="a">144 pages ; </subfield>
    <subfield code="b">illustrations ; </subfield>
    <subfield code="c">22 cm </subfield>
  </datafield>
  <datafield tag="336" ind1=" " ind2=" ">
    <subfield code="a">text</subfield>
    <subfield code="2">rdacontent</subfield>
  </datafield>
  <datafield tag="337" ind1=" " ind2=" ">
    <subfield code="a">unmediated</subfield>
    <subfield code="2">rdamedia</subfield>
  </datafield>
  <datafield tag="338" ind1=" " ind2=" ">
    <subfield code="a">volume</subfield>
    <subfield code="2">rdacarrier</subfield>
  </datafield>
  <datafield tag="546" ind1=" " ind2=" ">
    <subfield code="a">Text in Tamil.</subfield>
  </datafield>
  <datafield tag="650" ind1="1" ind2="0">
    <subfield code="a">Plastic bottles</subfield>
    <subfield code="v">Juvenile literature</subfield>
  </datafield>
  <datafield tag="650" ind1="2" ind2="0">
    <subfield code="a">Plastics craft</subfield>
    <subfield code="v">Juvenile literature</subfield>
  </datafield>
  <datafield tag="650" ind1="2" ind2="0">
    <subfield code="a">Handicraft </subfield>
    <subfield code="v">Juvenile literature</subfield>
  </datafield>
  <datafield tag="880" ind1="1" ind2=" ">
    <subfield code="6">100-01/ </subfield>
    <subfield code="a">&#xBB0;&#xBB5;&#xBBF;, &#xB86;&#xBA4;&#xBCD;&#xBAE;&#xBBE; &#xB95;&#xBC7;.,</subfield>
  </datafield>
  <datafield tag="880" ind1="1" ind2="0">
    <subfield code="6">245-02/</subfield>
    <subfield code="a">&#xBAA;&#xBBF;&#xBB3;&#xBBE;&#xBB8;&#xBCD;&#xB9F;&#xBBF;&#xB95;&#xBCD; &#xBAA;&#xBBE;&#xB9F;&#xBCD;&#xB9F;&#xBBF;&#xBB2;&#xBCD;&#xB95;&#xBB3;&#xBC8; 130 &#xBB5;&#xBB4;&#xBBF;&#xB95;&#xBB3;&#xBBF;&#xBB2;&#xBCD; &#xBAA;&#xBAF;&#xBA9;&#xBCD;&#xBAA;&#xB9F;&#xBC1;&#xBA4;&#xBCD;&#xBA4;&#xBB2;&#xBBE;&#xBAE;&#xBCD; / &#xB86;&#xBA4;&#xBCD;&#xBAE;&#xBBE; &#xB95;&#xBC7;. &#xBB0;&#xBB5;&#xBBF;</subfield>
  </datafield>
  <datafield tag="942" ind1=" " ind2=" ">
    <subfield code="2">ddc</subfield>
    <subfield code="c">B</subfield>
  </datafield>
  <datafield tag="999" ind1=" " ind2=" ">
    <subfield code="c">199891</subfield>
    <subfield code="d">199891</subfield>
  </datafield>
  <datafield tag="952" ind1=" " ind2=" ">
    <subfield code="0">0</subfield>
    <subfield code="7">0</subfield>
    <subfield code="b">PPAK</subfield>
    <subfield code="c">G</subfield>
    <subfield code="d">2025-07-15</subfield>
    <subfield code="l">0</subfield>
    <subfield code="o">745.572 RAV</subfield>
    <subfield code="p">A01871130</subfield>
    <subfield code="r">2025-07-15 12:12:33</subfield>
    <subfield code="y">B</subfield>
  </datafield>
  <datafield tag="952" ind1=" " ind2=" ">
    <subfield code="0">0</subfield>
    <subfield code="7">0</subfield>
    <subfield code="b">SP</subfield>
    <subfield code="c">G</subfield>
    <subfield code="d">2025-07-15</subfield>
    <subfield code="l">0</subfield>
    <subfield code="o">745.572 RAV</subfield>
    <subfield code="p">A01871131</subfield>
    <subfield code="r">2025-07-15 12:12:33</subfield>
    <subfield code="y">B</subfield>
  </datafield>
</record>
